| 000 | 00689nam a2200217Ia 4500 | ||
|---|---|---|---|
| 005 | 20220714091649.0 | ||
| 008 | 210716s2011 xx 000 0 und d | ||
| 020 | _a9788177229776 | ||
| 040 | _cAIMIT LIBRARY | ||
| 041 | _aeng | ||
| 082 |
_a005.448 _21 _bHAYC |
||
| 100 |
_aHay, Chris. _948917 |
||
| 245 |
_aAzure in action / _cBy Chris Hay and Brian H. Prince. |
||
| 250 | _a1st ed. | ||
| 260 |
_aNew Delhi : _bDreamtech Press , _c2011 . |
||
| 300 |
_axxx, 457p. ; _bPB _c23.5 cm. |
||
| 650 |
_aRunning full-trust native and other code _948918 |
||
| 650 |
_aRunning a healthy service in the cloud _948919 |
||
| 700 |
_aPrince, Brian H. _948920 |
||
| 942 |
_2ddc _cBK _e1st _k005.448 HAYC |
||
| 999 |
_c192994 _d192994 |
||